Capitals Of The Most Populous U.S. States - Statistics

General Stats
  • This quiz has been taken 189 times
  • The average score is 9 of 10
Answer Stats
State Capital % Correct
California Sacramento
99%
Texas Austin
98%
New York Albany
96%
Florida Tallahassee
92%
Georgia Atlanta
86%
Pennsylvania Harrisburg
83%
North Carolina Raleigh
83%
Illinois Springfield
83%
Ohio Columbus
82%
Michigan Lansing
69%
No matching quizzes found
Score Distribution
Percent of People with Each Score
Percentile by Number Answered
Your Score History
You have not taken this quiz